Normal view
MARC view
- M. Qaiser Anwar
Entry Personal Name
001 - CONTROL NUMBER
- control field: 93559
003 - CONTROL NUMBER IDENTIFIER
- control field: NUST
005 - DATE AND TIME OF LATEST TRANSACTION
- control field: 20220713200555.0
008 - FIXED-LENGTH DATA ELEMENTS
- fixed length control field: 220713|| aca||aabn | a|a d
040 ## - CATALOGING SOURCE
- Original cataloging agency: NUST
- Transcribing agency: NUST
100 ## - HEADING--PERSONAL NAME
- Personal name: M. Qaiser Anwar
670 ## - SOURCE DATA FOUND
- Source citation: Work cat.: (NUST)9059: M. Qaiser Anwar, Employee Management System, 2006.
